مونتغومرى / (رقم التسجيلة. 69509)

تفاصيل مارك
000 -LEADER
fixed length control field 00499nam a22001697a 4500
005 - DATE AND TIME OF LATEST TRANSACTION
control field 20251108172049.0
008 - FIXED-LENGTH DATA ELEMENTS--GENERAL INFORMATION
fixed length control field 250721s1988 xx 000 0 ara d
082 14 - DEWEY DECIMAL CLASSIFICATION NUMBER
Classification number 923.5942084/مون
100 1# - MAIN ENTRY--PERSONAL NAME
Personal name العسلي، بسام
245 10 - TITLE STATEMENT
Title مونتغومرى /
264 1# - PRODUCTION, PUBLICATION, DISTRIBUTION, MANUFACTURE, AND COPYRIGHT NOTICE
Place of production, publication, distribution, manufacture بيروت :
Name of producer, publisher, distributor, manufacturer دار النفائس،
Date of production, publication, distribution, manufacture, or copyright notice 1988.
300 ## - PHYSICAL DESCRIPTION
Extent 240ص
490 0# - SERIES STATEMENT
Series statement مشاهير قادة الحرب العالمية الثانية ؛ 4
650 17 - SUBJECT ADDED ENTRY--TOPICAL TERM
Topical term or geographic name as entry element المشاهير
942 ## - ADDED ENTRY ELEMENTS (KOHA)
Source of classification or shelving scheme Dewey Decimal Classification
Koha item type كتب
المقتنيات
حالة السحب حالة الفقدان مصدر التصنيف حالة التلف غير قابل للإعارة المكتبة الرئيسية المكتبة الحالية موقع الرف تاريخ التزويد الرقم المتسلسل Total Checkouts رقم الإستدعاء تاريخ آخر ظهور تاريخ الفاتورة نوع المادة (كوها)
    Dewey Decimal Classification Unchecked   مكتبة النصر العامة مكتبة النصر العامة الإعارة 06/07/2004 227   923.5942084/مون 28/07/2025 06/07/2004 كتب
Implemented & Customized by: BBB with SCIT (Smart Chains for Information Technology)

Powered by Koha